Wszyscy zwycięzcy Ligi Hiszpańskiej! - Statystyki

Ogólne statystyki
  • Ten quiz został rozwiązany 1 046 razy
  • Średni wynik to 81 z 88
Statystyki odpowiedzi
Sezon Drużyna % Poprawnych
1931/1932 Real Madryt
100%
1932/1933 Real Madryt
100%
1953/1954 Real Madryt
100%
1954/1955 Real Madryt
100%
1956/1957 Real Madryt
100%
1957/1958 Real Madryt
100%
1960/1961 Real Madryt
100%
1961/1962 Real Madryt
100%
1962/1963 Real Madryt
100%
1963/1964 Real Madryt
100%
1964/1965 Real Madryt
100%
1966/1967 Real Madryt
100%
1967/1968 Real Madryt
100%
1968/1969 Real Madryt
100%
1971/1972 Real Madryt
100%
1974/1975 Real Madryt
100%
1975/1976 Real Madryt
100%
1977/1978 Real Madryt
100%
1978/1979 Real Madryt
100%
1979/1980 Real Madryt
100%
1985/1986 Real Madryt
100%
1986/1987 Real Madryt
100%
1987/1988 Real Madryt
100%
1988/1989 Real Madryt
100%
1989/1990 Real Madryt
100%
1994/1995 Real Madryt
100%
1996/1997 Real Madryt
100%
2000/2001 Real Madryt
100%
2002/2003 Real Madryt
100%
2006/2007 Real Madryt
100%
2007/2008 Real Madryt
100%
2011/2012 Real Madryt
100%
2016/2017 Real Madryt
100%
1928/1929 FC Barcelona
99%
1944/1945 FC Barcelona
99%
1947/1948 FC Barcelona
99%
1948/1949 FC Barcelona
99%
1951/1952 FC Barcelona
99%
1952/1953 FC Barcelona
99%
1958/1959 FC Barcelona
99%
1959/1960 FC Barcelona
99%
1973/1974 FC Barcelona
99%
1984/1985 FC Barcelona
99%
1990/1991 FC Barcelona
99%
1991/1992 FC Barcelona
99%
1992/1993 FC Barcelona
99%
1993/1994 FC Barcelona
99%
1997/1998 FC Barcelona
99%
1998/1999 FC Barcelona
99%
2004/2005 FC Barcelona
99%
2005/2006 FC Barcelona
99%
2008/2009 FC Barcelona
99%
2009/2010 FC Barcelona
99%
2010/2011 FC Barcelona
99%
2012/2013 FC Barcelona
99%
2014/2015 FC Barcelona
99%
2015/2016 FC Barcelona
99%
2017/2018 FC Barcelona
99%
2018/2019 FC Barcelona
99%
1939/1940 Atletico Madryt
95%
1940/1941 Atletico Madryt
95%
1949/1950 Atletico Madryt
95%
1950/1951 Atletico Madryt
95%
1965/1966 Atletico Madryt
95%
1969/1970 Atletico Madryt
95%
1972/1973 Atletico Madryt
95%
1976/1977 Atletico Madryt
95%
1995/1996 Atletico Madryt
95%
2013/2014 Atletico Madryt
95%
1945/1946 Sevilla FC
82%
1941/1942 Valencia CF
80%
1943/1944 Valencia CF
80%
1946/1947 Valencia CF
80%
1970/1971 Valencia CF
80%
2001/2002 Valencia CF
80%
2003/2004 Valencia CF
80%
1929/1930 Athletic Bilbao
62%
1930/1931 Athletic Bilbao
62%
1933/1934 Athletic Bilbao
62%
1935/1936 Athletic Bilbao
62%
1942/1943 Athletic Bilbao
62%
1955/1956 Athletic Bilbao
62%
1982/1983 Athletic Bilbao
62%
1983/1984 Athletic Bilbao
62%
1980/1981 Real Sociedad
59%
1981/1982 Real Sociedad
59%
1934/1935 Real Betis
53%
1999/2000 Deportivo La Coruna
52%
Nie znaleziono quizów pasujących do podanych kryteriów
Rozkład punktacji
Procent ludzi z każdym wynikiem
Percentyl według liczby udzielonych odpowiedzi
Twoja historia wyników
Nie rozwiązałeś tego quizu